000 00349nam a2200145Ia 4500
008 150201s2010 xx 000 0 und d
082 _a612.3
_bF11G
100 _aGUPTA , L.C.
245 _aFOOD & NUTRITION FACTS AND FIGURES
250 _a6TH
260 _bJAYPEE
_aDELHI
_c2010
300 _a260
650 _aNUTRITON & DIET
942 _2ddc
_cBK
_03
999 _c2086
_d2086